| 000 | 00760nam a22002177a 4500 | ||
|---|---|---|---|
| 999 |
_c1371 _d1371 |
||
| 003 | AR-CdUCM | ||
| 008 | 190226b ||||| |||| 00| 0 esp d | ||
| 020 | _aISBN | ||
| 040 |
_aMUNICIPALIDAD PROVINCIAL DEL CUSCO _cBIBLIOTECA MUNICIPAL DEL CUSCO |
||
| 082 |
_26 _a803.08 / _bER73 |
||
| 100 |
_aAzorín, _9580 |
||
| 245 |
_aVisión de España : _bPaginas escogidas por Erly Danieri _cAzorín : Páginas escogidas por Erly Danieri. |
||
| 260 |
_aMadrid : _bEspasa Calpe, _c1972. |
||
| 300 |
_a145 paginas ; _c20 cm. |
||
| 505 | _aEl solitario -- El muro blanco -- En el toboso -- El monstruo y la vieja ... | ||
| 650 |
_aHuecamente. _95239 |
||
| 650 |
_aEsperanzas. _95240 |
||
| 700 |
_aDanieri, Erly. _95241 |
||
| 942 |
_2ddc _cLIBROS |
||
| 945 |
_aacrt _d2019-02-26 |
||